| 000 | 00314nam a22001217a 4500 | ||
|---|---|---|---|
| 020 | _a8122413676 | ||
| 082 |
_222 _a691.7 |
||
| 100 | _aRaz, Sarwar Alam. | ||
| 245 | _aStructural design in steel / | ||
| 260 |
_aNew Delhi, _bNew Age International, _cc2002. |
||
| 300 |
_a611 p. ; _bill. ; _c18 cm. |
||
| 942 |
_2ddc _cCIVIL |
||
| 999 |
_c1024 _d1024 |
||